2025大阪世博会参展国家及地区 Confirmed Participants for the Expo2025 - Statistics

General Stats
  • This quiz has been taken 15 times
  • The average score is 102 of 170
Answer Stats
Hint Answer % Correct
亚洲 韩国
100%
亚洲 中国
100%
亚洲 越南
93%
亚洲 蒙古
93%
组织 欧洲联盟
86%
亚洲 印度
86%
亚洲 印度尼西亚
86%
亚洲 柬埔寨
86%
亚洲 新加坡
86%
亚洲 泰国
86%
亚洲 文莱
86%
日本 日本馆
86%
美洲 美国
86%
亚洲 菲律宾
79%
亚洲 马来西亚
79%
亚洲 老挝
79%
欧洲 意大利
79%
欧洲 乌克兰
79%
欧洲 法国
79%
美洲 加拿大
79%
组织 联合国
71%
亚洲 阿塞拜疆
71%
亚洲 阿拉伯联合酋长国
71%
亚洲 以色列
71%
亚洲 乌兹别克斯坦
71%
亚洲 哈萨克斯坦
71%
亚洲 科威特
71%
亚洲 沙特阿拉伯
71%
亚洲 斯里兰卡
71%
亚洲 土库曼斯坦
71%
亚洲 尼泊尔
71%
亚洲 巴基斯坦
71%
亚洲 孟加拉国
71%
亚洲 东帝汶
71%
欧洲 冰岛
71%
欧洲 英国
71%
欧洲 奥地利
71%
欧洲 希腊
71%
欧洲 瑞士
71%
欧洲 瑞典
71%
欧洲 西班牙
71%
欧洲 捷克
71%
欧洲 丹麦
71%
欧洲 德国
71%
欧洲 挪威
71%
欧洲 芬兰
71%
欧洲 波兰
71%
欧洲 葡萄牙
71%
美洲 阿根廷
71%
美洲 乌拉圭
71%
美洲 智利
71%
美洲 巴西
71%
非洲 阿尔及利亚
71%
非洲 埃及
71%
非洲 尼日利亚
71%
非洲 马达加斯加
71%
大洋洲 澳大利亚
71%
大洋洲 巴布亚新几内亚
71%
组织 非洲联盟委员会
64%
亚洲 阿富汗
64%
亚洲 亚美尼亚
64%
亚洲 也门
64%
亚洲 阿曼
64%
亚洲 卡塔尔
64%
亚洲 土耳其
64%
亚洲 巴林
64%
亚洲 巴勒斯坦
64%
亚洲 不丹
64%
日本 大阪健康照护馆
64%
欧洲 爱尔兰
64%
欧洲 荷兰
64%
欧洲 克罗地亚
64%
欧洲 斯洛伐克
64%
欧洲 斯洛文尼亚
64%
欧洲 塞尔维亚
64%
欧洲 匈牙利
64%
欧洲 摩纳哥
64%
欧洲 罗马尼亚
64%
美洲 古巴
64%
美洲 多米尼加
64%
美洲 海地
64%
美洲 巴拉圭
64%
美洲 玻利维亚
64%
非洲 埃塞俄比亚
64%
非洲 赞比亚
64%
非洲 坦桑尼亚
64%
非洲 中非
64%
大洋洲 斐济
64%
组织 东南亚国家联盟秘书处
57%
亚洲 吉尔吉斯斯坦
57%
亚洲 塔吉克斯坦
57%
亚洲 约旦
57%
欧洲 北马其顿
57%
欧洲 梵蒂冈
57%
欧洲 保加利亚
57%
欧洲 比利时
57%
欧洲 立陶宛
57%
欧洲 卢森堡
57%
美洲 圭亚那
57%
美洲 苏里南
57%
美洲 巴拿马
57%
美洲 伯利兹
57%
美洲 秘鲁
57%
非洲 安哥拉
57%
非洲 喀麦隆
57%
非洲 冈比亚
57%
非洲 几内亚
57%
非洲 刚果(金)
57%
非洲 圣多美和普林西比
57%
非洲 吉布提
57%
非洲 苏丹
57%
非洲 赤道几内亚
57%
非洲 尼日尔
57%
非洲 南苏丹
57%
非洲 莫桑比克
57%
大洋洲 萨摩亚
57%
大洋洲 图瓦卢
57%
大洋洲 汤加
57%
大洋洲 帕劳
57%
大洋洲 密克罗尼西亚联邦
57%
欧洲 马耳他
50%
欧洲 摩尔多瓦
50%
欧洲 黑山
50%
欧洲 拉脱维亚
50%
美洲 危地马拉
50%
美洲 圣基茨和尼维斯
50%
美洲 圣文森特和格林纳丁斯
50%
美洲 特立尼达和多巴哥
50%
非洲 乌干达
50%
非洲 斯威士兰
50%
非洲 佛得角
50%
非洲 加蓬
50%
非洲 几内亚比绍
50%
非洲 肯尼亚
50%
非洲 塞内加尔
50%
非洲 突尼斯
50%
非洲 布基纳法索
50%
非洲 布隆迪
50%
非洲 马里
50%
非洲 毛里求斯
50%
非洲 毛里塔尼亚
50%
非洲 卢旺达
50%
非洲 莱索托
50%
大洋洲 所罗门群岛
50%
大洋洲 马绍尔群岛
50%
美洲 安提瓜和巴布达
43%
美洲 圣卢西亚
43%
美洲 洪都拉斯
43%
非洲 加纳
43%
非洲 科特迪瓦
43%
非洲 索马里
43%
非洲 多哥
43%
非洲 贝宁
43%
非洲 马拉维
43%
大洋洲 瑙鲁
43%
大洋洲 瓦努阿图
43%
美洲 牙买加
36%
非洲 津巴布韦
36%
非洲 塞舌尔
36%
非洲 利比里亚
36%
大洋洲 纽埃
36%
欧洲 科索沃地区
29%
非洲 科摩罗
29%
组织 国际红十字与红新月运动
7%
日本 女性馆
7%
日本 关西馆
7%
组织 国际热核聚变实验反应堆
0%
组织 国际科学技术中心
0%
组织 太平洋岛国论坛秘书处
0%
组织 国际太阳能联盟
0%
No matching quizzes found
Score Distribution
Percent of People with Each Score
Percentile by Number Answered
Your Score History
You have not taken this quiz